000
00255nam a2200097Ia 4500
001
693080
005
20250826161907.0
008
250824s9999 xx 000 0 und d
245
0
_a
JANE AUSTENIN KAYIP ANILARI/S.JAMES/EVEREST
_c
SYRIE JAMES
260
_b
EVEREST
999
_c
693080
_d
693080